书目信息 |
| 题名: |
法布尔昆虫记
|
|
| 作者: | 法布尔 著 ;梁婉 主编 | |
| 分册: | 8 天才建筑师圆网蛛 | |
| 出版信息: | 哈尔滨 哈尔滨工业大学出版社 2016 |
|
| 页数: | 120页 | |
| 开本: | 24cm | |
| 丛书名: | ||
| 单 册: | ||
| 中图分类: | Q96-49 , Q959.226 | |
| 科图分类: | ||
| 主题词: | 昆虫--儿童读物 , 蜘蛛目--儿童读物 | |
| 电子资源: | ||
| ISBN: | 978-7-5603-5964-9 | |
| 000 | 00767nam0 2200253 450 | |
| 001 | 2333851307 | |
| 005 | 20231209092450.82 | |
| 010 | @a978-7-5603-5964-9@dCNY 28.50 | |
| 100 | @a20170117d2016 cemy0chiy0120 ea | |
| 101 | 0 | @achi |
| 102 | @aCN@b230000 | |
| 105 | @aa z 000yy | |
| 200 | 1 | @a法布尔昆虫记@Afa bu er kun chong ji@h8@i天才建筑师圆网蛛@f(法)法布尔著@g梁婉主编 |
| 210 | @a哈尔滨@c哈尔滨工业大学出版社@d2016 | |
| 215 | @a120页@c彩图@d24cm | |
| 300 | @a有声读物 | |
| 606 | 0 | @a昆虫@j儿童读物 |
| 606 | 0 | @a蜘蛛目@j儿童读物 |
| 690 | @aQ96-49@v5 | |
| 690 | @aQ959.226@v5 | |
| 701 | 0 | @c(法)@a法布尔@Afa bu er@c(Fabre, Jean-Henri@f1823~1915)@4著 |
| 702 | 0 | @a梁婉@Aliang wan@4主编 |
| 801 | 2 | @aCN@b辽宁北配@c20231205 |
| 905 | @aZUCC@dQ96-49@e129:8 | |
| 法布尔昆虫记.8.天才建筑师圆网蛛/(法)法布尔著/梁婉主编.-哈尔滨:哈尔滨工业大学出版社,2016 |
| 120页:彩图;24cm |
| 有声读物 |
| ISBN 978-7-5603-5964-9:CNY 28.50 |
| ● |
| 相关链接 |
|
|
|
正题名:法布尔昆虫记
索取号:Q96-49/129:8
 
预约/预借
| 序号 | 登录号 | 条形码 | 馆藏地/架位号 | 状态 | 备注 |
| 1 | 2001506907 | 2001506907 | 214主题书屋/214室1架3层2列/ [索取号:Q96-49/129:8] | 在馆 | |
| 2 | 2001506908 | 2001506908 | 214主题书屋/214室1架3层2列/ [索取号:Q96-49/129:8] | 在馆 | |
| 3 | 2001506909 | 2001506909 | 214主题书屋/214室1架3层2列/ [索取号:Q96-49/129:8] | 在馆 | |
| 4 | 2001506910 | 2001506910 | 214主题书屋/214室1架3层2列/ [索取号:Q96-49/129:8] | 在馆 | |
| 5 | 2001506911 | 2001506911 | 214主题书屋/214室1架3层2列/ [索取号:Q96-49/129:8] | 在馆 | |
| 6 | 2001506912 | 2001506912 | 214主题书屋/214室1架3层2列/ [索取号:Q96-49/129:8] | 在馆 | |
| 7 | 2001506913 | 2001506913 | 515书库/ [索取号:Q96-49/129:8] | 在馆 | |
| 8 | 2001506914 | 2001506914 | 515书库/ [索取号:Q96-49/129:8] | 在馆 | |
| 9 | 2001506915 | 2001506915 | 515书库/ [索取号:Q96-49/129:8] | 在馆 | |
| 10 | 2001506916 | 2001506916 | 515书库/ [索取号:Q96-49/129:8] | 在馆 | |
| 11 | 2001506917 | 2001506917 | 315书库/ [索取号:Q96-49/129:8] | 在馆 | |
| 12 | 2001506918 | 2001506918 | 515书库/ [索取号:Q96-49/129:8] | 在馆 | |
| 13 | 2001506919 | 2001506919 | 315书库/ [索取号:Q96-49/129:8] | 在馆 | |
| 14 | 2001506920 | 2001506920 | 315书库/ [索取号:Q96-49/129:8] | 在馆 | |
| 15 | 2001506921 | 2001506921 | 315书库/ [索取号:Q96-49/129:8] | 在馆 | |
| 16 | 2001506922 | 2001506922 | 315书库/ [索取号:Q96-49/129:8] | 在馆 | |
| 17 | 2001506923 | 2001506923 | 315书库/ [索取号:Q96-49/129:8] | 在馆 | |
| 18 | 2001506924 | 2001506924 | 315书库/ [索取号:Q96-49/129:8] | 在馆 | |
| 19 | 2001506925 | 2001506925 | 515书库/ [索取号:Q96-49/129:8] | 在馆 | |
| 20 | 2001506926 | 2001506926 | 第四书库/四23架B面2层5列/ [索取号:Q96-49/129:8] | 在馆 | |
| 21 | 2001506927 | 2001506927 | 第四书库/四23架B面2层5列/ [索取号:Q96-49/129:8] | 在馆 | |
| 22 | 2001506928 | 2001506928 | 315书库/四23架B面2层5列/ [索取号:Q96-49/129:8] | 在馆 | |
| 23 | 2001506929 | 2001506929 | 315书库/四23架B面2层5列/ [索取号:Q96-49/129:8] | 在馆 | |
| 24 | 2001506930 | 2001506930 | 315书库/四23架B面2层5列/ [索取号:Q96-49/129:8] | 在馆 | |
| 25 | 2001506931 | 2001506931 | 315书库/四23架B面2层5列/ [索取号:Q96-49/129:8] | 在馆 | |
| 26 | 2001506932 | 2001506932 | 315书库/四23架B面2层5列/ [索取号:Q96-49/129:8] | 在馆 | |
| 27 | 2001506933 | 2001506933 | 315书库/四23架B面2层5列/ [索取号:Q96-49/129:8] | 在馆 | |
| 28 | 2001506934 | 2001506934 | 第四书库/四23架B面2层5列/ [索取号:Q96-49/129:8] | 在馆 | |
| 29 | 2001506935 | 2001506935 | 第四书库/四23架B面2层5列/ [索取号:Q96-49/129:8] | 在馆 | |
| 30 | 2001506936 | 2001506936 | 第四书库/四23架B面2层5列/ [索取号:Q96-49/129:8] | 在馆 |